000 00447nam a2200133Ia 4500
008 220217s9999 xx 000 0 und d
100 _aBliss Babu
245 0 _aStudies on the effect of nitrogen fixing bacteria on the growth of Pueraria phaseoloides
260 _bBharathiar University
_a Coimbatore
_c2002
500 _aAvailable in Pathology
500 _aCourse: M.Sc.
700 _aDr Jacob Mathew and Dr Kochuthresiamma Joseph
942 _cTS
999 _c74471
_d74471